| Tag |
First Indicator |
Second Indicator |
Subfields |
| LEADER |
00000cam a2200000 a 4500 |
| 001 |
in00002820813 |
| 005 |
20151202173132.0 |
| 008 |
110929s2012 nju b 001 0 eng |
| 010 |
|
|
|a 2011039949
|
| 020 |
|
|
|a 9781118086193 (pbk.)
|
| 020 |
|
|
|a 1118086198 (pbk.)
|
| 035 |
|
|
|a (OCoLC)ocn751831980
|
| 040 |
|
|
|a DLC
|c DLC
|d NLM
|d TXA
|d UtOrBLW
|
| 049 |
|
|
|a TXAM
|
| 050 |
0 |
0 |
|a RC465
|b .O47 2012
|
| 060 |
0 |
0 |
|a 2012 A-865
|
| 060 |
1 |
0 |
|a WM 40
|
| 082 |
0 |
0 |
|a 616.89
|2 23
|
| 245 |
0 |
0 |
|a Case studies in abnormal psychology /
|c Thomas F. Oltmanns[and others].
|
| 250 |
|
|
|a 9th ed.
|
| 264 |
|
1 |
|a Hoboken, N.J. :
|b John Wiley & Sons,
|c [2012]
|
| 264 |
|
4 |
|c ©2012
|
| 300 |
|
|
|a ix, 405 pages ;
|c 23 cm.
|
| 336 |
|
|
|a text
|b txt
|2 rdacontent
|
| 337 |
|
|
|a unmediated
|b n
|2 rdamedia
|
| 338 |
|
|
|a volume
|b nc
|2 rdacarrier
|
| 504 |
|
|
|a Includes bibliographical references (pages 351-389) and index.
|
| 505 |
0 |
|
|a Obsessive-compulsive disorder -- Panic disorder with agoraphobia -- Posttraumatic stress disorder: rape trauma -- Hypertension in an African American man -- Dissociative identity disorder: multiple personality -- Major depressive disorder -- Bipolar disorder -- Somatization disorder -- Schizophrenia: paranoid type -- Psychotic disorder (NOS), substance dependence, and violence -- Alcohol dependence -- Sexual dysfunction: female orgasmic disorder and premature ejaculation -- Paraphilas: exhibitionism and frotteurism -- Gender identity disorder: transsexualism -- Eating disorder: anorexia nervosa -- Eating disorder: bulimia nervosa -- Parasomnia: nightmare disorder and isolated sleep paralysis -- Paranoid personality disorder -- Borderline personality disorder -- Antisocial personality disorder: psychopathy -- Autistic disorder -- Attention-deficit/hyperactivity disorder -- Oppositional defiant disorder.
|
| 520 |
|
|
|a Most textbooks on abnormal psychology include short descriptions of actual clinical cases. However, those presentations are necessarily brief and too fragmented for students to gain a clear understanding of the unique complexities of a person's troubled life. Case Studies in Abnormal Psychology, Ninth Edition takes mental disorders from the realm of theory into the complex reality of human lives. This casebook presents comprehensive coverage of 23 high interest cases that include topics such as eating disorders, gender identity disorder, borderline personality and post-traumatic stress disorder. Each study provides detailed descriptions of a range of clinical problems, illustrates some of the ways in which these problems can be viewed and treated and discusses some of the evidence that is available concerning the prevalence and causes of the disorders in question.
|
| 650 |
|
0 |
|a Psychology, Pathological
|v Case studies.
|
| 650 |
|
0 |
|a Psychiatry
|v Case studies.
|
| 650 |
1 |
2 |
|a Mental Disorders
|v Case Reports.
|
| 700 |
1 |
|
|a Oltmanns, Thomas F.
|
| 948 |
|
|
|a cataloged
|b h
|c 2013/1/31
|d c
|e dmitchel
|f 12:50:40 pm
|
| 994 |
|
|
|a C0
|b TXA
|
| 999 |
|
|
|a MARS
|
| 999 |
f |
f |
|s fd5ddf39-a529-3ecd-a80f-f8f351ae9df0
|i 8d27aff4-4476-318f-aa43-a675e710ee14
|t 0
|
| 952 |
f |
f |
|p normal
|a Texas A&M University
|b College Station
|c Sterling C. Evans Library
|d Evans: Library Stacks
|t 0
|e RC465 .O47 2012
|h Library of Congress classification
|i unmediated -- volume
|m A14838077737
|
| 998 |
f |
f |
|a RC465 .O47 2012
|t 0
|l Evans: Library Stacks
|